000 02095nam a2200565 i 4500
001 28465
003 KOSZ 005
005 20230707112445.0
008 230705s1986 pl a g 001 0 pol
015 _aUWD 1986/3313
020 _a8301053542
035 _a991014278369705066
035 _a(PL-WaBN)b13835014-48omnis_nlop
035 _ab13835014
035 _a(OCoLC)749578726
035 _azz2003801207
035 _a(PL)b0000001383501
035 _a(EXLNZ-48OMNIS_NETWORK)9910029210905606
040 _aWA N
_cWA N
_dKOSZ 005/RW
041 1 _apol
_hsan
046 _k1986
080 _a14(34)
080 _a233
245 0 0 _aKlasyczna joga indyjska :
_bJogasutry przypisywane Pantańdżalemu i Jogabhaszja czyli Komentarz do Jogasutr przypisywany Wjasie /
_cprzełożył z sanskrytu, opatrzył przypisami, napisał wstęp i posłowie oraz ułożył słownik terminów Leon Cyboran ; [przygotował do druku i przedmową opatrzył Wiesław Kowalewicz].
246 1 _iTytuł oryginału:
_aYogabhāsya
246 1 _iTytuł oryginału:
_aYogasūtra
250 _aWydanie I.
260 _aWarszawa :
_bPaństwowe Wydawnictwo Naukowe,
_c1986.
300 _aLVI, 439, [1] stron :
_berrata ;
_c20 cm.
336 _aTekst
_btxt
_2rdacontent
337 _aBez urządzenia pośredniczącego
_bn
_2rdamedia
338 _aWolumin
_bnc
_2rdacarrier
380 _aKsiążki
380 _aPublikacje popularnonaukowe
388 1 _a1901-2000
388 1 _a1945-1989
490 1 _aBiblioteka Klasyków Filozofii
500 _aSłownik terminów z indeksem.
504 _aIndeks.
650 7 _aJoga
_2DBN
655 7 _aOpracowanie
658 _aFilozofia i etyka
700 1 _aCyboran, Leon
_d(1928-1977)
_eTłumaczenie
700 1 _aKowalewicz, Wiesław
_eOpracowanie
710 2 _aPaństwowe Wydawnictwo Naukowe
_4pbl
830 0 _aBiblioteka Klasyków Filozofii
856 _uhttp://koha.tu.koszalin.pl/cgi-bin/koha/opac-detail.pl?biblionumber=28465
_yKatalog online BPK
942 _2UKD
_cKS
999 _c28465
_d28465